000 01675nam a2200241Ia 4500
003 Ost
005 20260507075109.0
008 260507s9999||||xx |||||||||||||| ||und||
020 _a4004909959
040 _cfsecg
041 _aara
082 _a330
100 _aمحمد، حمزة عبد اللطيف
_eمؤلف
245 0 _aالنظم المحاسبية :
_bنظم المعلوات المالية والمعلجة الإلكترونية /
_c حمزة عبد اللطيف محمد
260 _aمصراتة:
_bالدار الجماهرية للنشر والتوزيع والاعلان,
_c2000
300 _a445 صفحة؛
_bأشكال وجداول
_c24 سم
520 _aيشرح الكتاب مجموعة من النظم المحاسبية وبأسلوب علمي وتحليلي باستخدام نماذج تطبيقية ويعني دلك شرح مفاهيم هذه المادة وطريقة الإنطلاق والتقدم في هذا المضمار وتتضمن مادة الكتاب النظم المحاسبية الأتية : نظام الأستاذ العام نظام ومراقبة ومحاسبة المخزون نظام ومحاسبة الأصول الثابتة نظام المرتبات نظام حسابات المنفعات والمقبوضات كما يتناول حسابات الدائنين والإلتزامات وحسابات المدينين والراقابة عليها ويومية المصرف والصندوق نظام حسابات الدولة .
653 _aمالية
653 _aمحاسبة الكترونية
653 _aمحاسبة تحليلية
653 _aنظم محاسبية
942 _cكتاب
999 _c42838
_d42838